000 00328nam a22001457a 4500
020 _a81-226-0464-1
082 _a894.812.3
_bDAS/B
100 _aDAS, P.N
245 _aBUDHAN KATHIYERIYUNNU
250 _a2
260 _aTHRISSUR
_bCURRENT BOOKS
_c2005
300 _a144
650 _aMALAYALAM SHORT STORY
_zKERALA
942 _cBK
999 _c1563
_d1563